000 00365 a2200157 4500
001 176085
020 _a
040 _cMagnum
100 _aWitter, Jose Sebastiao
240 1 0 _aBreve historia do futebol brasileiro
_lpor
245 1 0 _aBreve historia do futebol brasileiro
362 0 _a1899
440 1 _aFTD
697 _aMAGNITO: PARADIDATICO
942 _cBK
999 _c176085
_d176085